000 00772nab a2200229u 4500
001 18276
003 HDC
007 c| |||a|c|aaaa
008 210225b20140827my ||||| |||| 00| 0 may d
040 _aHDC
245 0 _aMATRADE sasar raih RM32j pada pameran di Mongolia
336 _atext
_2rdacontent
337 _acomputer
_2rdamedia
338 _aonline resource
_2rdacarrier
650 _aMalaysia External Trade Development Corporation (MATRADE)
_911389
650 _aMongolia's exhibition
_917210
710 _aBERITA HARIAN
856 _zRequest full-text at [email protected]
942 _2lcc
942 _cNEWS
942 _kNWSC 005055
999 _c15592
_d15592